Statistics for Brooklyn Nine Nine Quiz Hard

Click here to take the quiz!

General Stats

  • This quiz has been taken 5,671 times
    (5,340 since last reset)
  • The average score is 7 of 14

Answer Stats

HintAnswer% Correct
Who wins the medal of valor besides from Charles?Sergeant Peanut butter
79%
What animal does Charles pick up instead of Cheddar when he is blind?Possum
75%
In series 5, what is Jake's cellmate Caleb in prison for?Cannibalism
63%
What is Captain Holt's alias when he is in Coral Palms?Greg
62%
What is Jake allergic to?Bees/Wasps
60%
Where does Peralta and Holt hide when they are in witness protection?Coral Palms
55%
What is the name of Captain's worst enemie?Madeline Wuntch
54%
2-drink Amy is....Loud Amy
49%
What jobs were the 99 allocated at Windbreaker CityHostages
46%
What is the name of Charles' ex-wife?Eleanor
39%
What is Terry's nickname?The Ebony Falcon
31%
What is the name of the building that Lt. Melanie Hawkins works at?The Slaughter House
31%
Which category is both Gina and Captain Holt sorted into?Category i9c3g6
16%
What is the number of the case file that is said to be unsolveableCase 52abx-32qj
12%

Score Distribution

Percentile by Number Answered

Percent of People with Each Score

Your Score History

You have not taken this quiz since the last reset